Reconocimiento expeditivo de suelos en un predio rural del Partido de Coronel Dorrego /

Guardado en:
Autor Principal: Rafal, Matías.
Autor Corporativo: Universidad Nacional del Sur. Departamento de Agronomía.
Otros Autores: Zalba, Pablo, (tutor.)
Formato: Libro
Idioma:Spanish
Publicado: Bahía Blanca, 2009.
Etiquetas: Agregar Etiqueta
Sin Etiquetas, Sea el primero en etiquetar este registro!
LEADER 00708nam a22001695a 4500
001 EEA.libagro008296
005 20161104103942.0
008 130809s2009####ag#a##########000#0#spa#d
082 0 4 |a 631.4782 
100 1 |a Rafal, Matías. 
245 1 0 |a Reconocimiento expeditivo de suelos en un predio rural del Partido de Coronel Dorrego /  |c Matías Rafal. 
260 |a Bahía Blanca,  |c 2009. 
300 |a 57 h. :  |b ilus. ;  |c 30 cm. 
502 |a Trabajo de intensificación (Ingeniero Agrónomo) -- Universidad Nacional del Sur. Departamento de Agronomía, 2009. 
700 1 |a Zalba, Pablo,  |e tutor. 
710 2 |a Universidad Nacional del Sur.  |b Departamento de Agronomía. 
859 |a AR-BbBCA  |b BIB. AGRONOMIA  |h 631.4782  |i R136  |p 2009/5709